| 000 | 00678cam a22002173a 4500 | ||
|---|---|---|---|
| 001 | 10074 | ||
| 003 | PGUSA | ||
| 005 | 20140828083219.0 | ||
| 008 | 031013s2003||||xxu|||||s|||||000 | eng d | ||
| 040 |
_aPGUSA _beng |
||
| 042 | _adc | ||
| 050 | 4 | _aAP | |
| 245 | 1 | 4 |
_aThe Mirror of Literature, Amusement, and Instruction : _bVolume 10, No. 269, August 18, 1827 _h[electronic resource] / _cVarious |
| 260 |
_bProject Gutenberg, _c2003 |
||
| 506 | _aPublic domain in the USA. | ||
| 516 | _aElectronic text | ||
| 653 | _aPopular literature -- Great Britain -- Periodicals | ||
| 830 | 0 |
_aProject Gutenberg _v10074 |
|
| 856 | 4 | 0 | _uhttp://www.gutenberg.org/ebooks/10074 |
| 942 | _cEB | ||
| 999 |
_c239329 _d239329 |
||